Rescate de saberes ancestrales en comunidades etnográficas y criollas de la provincia de Salta (Registro nro. 3634)

Detalles MARC
000 -LEADER
fixed length control field 01148 a2200241 4500
001 - CONTROL NUMBER
control field 42643
005 - DATE AND TIME OF LATEST TRANSACTION
control field 20260407155714.0
008 - FIXED-LENGTH DATA ELEMENTS--GENERAL INFORMATION
fixed length control field 260407a2012 arg spa d
003 - CONTROL NUMBER IDENTIFIER
control field AR-UNSa-BCEJYS
040 ## - CATALOGING SOURCE
Original cataloging agency AR-UNSa-BCEJYS
Language of cataloging spa
Transcribing agency AR-UNSa-BCEJYS
080 ## - UNIVERSAL DECIMAL CLASSIFICATION NUMBER
Universal Decimal Classification number 316.7
Common auxiliary subdivision Sociología de la cultura. contexto cultural de la vida social (posmodernidad)
020 ## - INTERNATIONAL STANDARD BOOK NUMBER
International Standard Book Number 978-987-510-192-0
041 ## - LANGUAGE CODE
Language code of text/sound track or separate title spa
100 1# - MAIN ENTRY--PERSONAL NAME
Personal name Burgos, Mariela Ondina
245 10 - TITLE STATEMENT
Title Rescate de saberes ancestrales en comunidades etnográficas y criollas de la provincia de Salta
264 #1 - PRODUCTION, PUBLICATION, DISTRIBUTION, MANUFACTURE, AND COPYRIGHT NOTICE
Place of production, publication, distribution, manufacture Buenos Aires :
Name of producer, publisher, distributor, manufacturer CFI (Consejo Federal de Inversiones)
Date of production, publication, distribution, manufacture, or copyright notice 2012
300 ## - PHYSICAL DESCRIPTION
Extent 226 p.
Dimensions 30 cm.
505 ## - FORMATTED CONTENTS NOTE
Formatted contents note 1. Introducción - 2. Caracterización de las comunidades etnográficas - 3. Análisis del contexto en las regiones geográficas de asentamiento - 4. Organización del trabajo de campo - 5. Tareas de rescate de saberes ancestrales - 6. Tareas de recuperación
590 ## - LOCAL NOTE (RLIN)
Local note niveau_biblio:m niveau_hierar:0
700 1# - ADDED ENTRY--PERSONAL NAME
Personal name Consejo Federal de Inversiones (CFI)
856 41 - ELECTRONIC LOCATION AND ACCESS
Uniform Resource Identifier <a href="https://biblioeco.unsa.edu.ar/pmb/images/libros/L126585.jpg">https://biblioeco.unsa.edu.ar/pmb/images/libros/L126585.jpg</a>
Link text Imagen de portada
Electronic format type image/jpeg
942 ## - ADDED ENTRY ELEMENTS (KOHA)
Koha item type
Existencias
Withdrawn status Lost status Damaged status Not for loan Home library Current library Shelving location Date acquired Total checkouts Full call number Barcode Date last seen Price effective from Koha item type
        Biblioteca Prof. Eusebio Cleto del Rey Biblioteca Prof. Eusebio Cleto del Rey   07/04/2026   316.7 B957 L126585 07/04/2026 07/04/2026 Libro